000
00295nam a2200121Ia 4500
005
20251222155134.0
008
251222s9999||||xx |||||||||||||| ||spa||
082
_a
REL.59
100
_a
KAISER Federico.
245
0
_a
Los Evangelios Sinópticos en SÃmbolos
264
_b
No tiene
942
_c
LIB
999
_c
38929
_d
38929